Datum a čas kvízu
31
Celkem bodů
Celkový počet nahraných bodů na tomto kvízu bez doplňovacích otázek.
9.
Pořadí na kvízu
Konečné umístění týmu na tomto kvízu.
Zaznamenané odpovědi
| # | Otázka | Odpověď | Body | Výsledky |
|---|---|---|---|---|
| 1. | V noci na pátek se v pražské z... | gorila | 1 | |
| 2. | Nevšední hříšník uvízl v pondě... | C) holub | 0 | |
| 3. | Rozhořčení občané jednoho měst... | v Táboře | 0 | |
| 4. | Minulý týden oznámila italská... | Silvio Berlusconi | 1 | |
| 5. | Tým Boston Celtics se minulý t... | C | 0 | |
| 6. | V pěti otázkách tohoto tématu... | kámen | 1 | |
| 7. | Jaká je denní dávka kuchyňské... | B | 1 | |
| 8. | Po kterém vzácném minerálu se... | po diamantu | 0 | |
| 9. | Jak zní obchodní název takzvan... | Praganda | 0 | |
| 10. | Jeden z nejznámějších a nejsta... | D) Wieliczka | 1 |